Samopaly /

Hlavní autor: Hogg, Ian V., 1926-2002
Jazyk: Čeština
Vydáno: Praha : Naše vojsko, 2007
Vydání: Vyd. 1. v Našem vojsku
Témata:
Externí odkaz: Digitalizovaný dokument
Fyzický popis: 149 s. : il. ; 17 x 24 cm
Knihy
Uloženo v:
LEADER 01378nam a2200385 a 4500
001 nkc20071758226
003 CZ PrNK
005 20080714154432.0
007 ta
008 071010s2007 xr a e 000 0 cze
015 |a cnb001758226 
020 |a 978-80-206-0969-4  |q (v knize neuvedeno ;  |q váz.)  |z 80-206-0002-8 
035 |a (OCoLC)236550786 
040 |a BOA001  |b cze  |d ABA001 
041 1 |a cze  |h eng 
072 7 |a 623  |x Vojenská technika  |2 Konspekt  |9 19 
080 |a 623.443.37  |2 MRF 
080 |a (048.8)  |2 MRF 
100 1 |a Hogg, Ian V.,  |d 1926-2002  |7 jn20000602971  |4 aut 
245 1 0 |a Samopaly /  |c Ian Hogg ; [z anglického originálu ... přeložil Zdeněk Hurník] 
250 |a Vyd. 1. v Našem vojsku 
260 |a Praha :  |b Naše vojsko,  |c 2007 
300 |a 149 s. :  |b il. ;  |c 17 x 24 cm 
650 0 7 |a samopaly  |7 ph116106  |2 czenas 
650 0 9 |a submachine guns  |2 eczenas 
655 7 |a přehledy  |7 fd133202  |2 czenas 
655 9 |a surveys  |2 eczenas 
655 9 7 |a ilustrované publikace  |7 fd367467  |2 czenas 
765 0 |t Submachine guns  |9 Česky 
856 4 1 |u http://www.digitalniknihovna.cz/mzk/uuid/uuid:a24348b0-2b74-11e9-b81e-005056827e52  |y Digitalizovaný dokument  |x NDK 
910 2 |a BOA001  |b 2-1190.449 
990 |a BK 
995 |a 01 
991 |b 200710  |c NOV 
996 6 |b 2610322740  |c 2-1190.449  |l MZK  |r Sklad / do 1 hodiny  |n 10  |p p.v.  |w 000869887  |u 000010  |a 1  |e BOA001  |j MZK50  |s P